| 000 | 00915nam a22002057a 4500 | ||
|---|---|---|---|
| 008 | 100321t2008 xxu||||| |||| 00| 0 eng d | ||
| 020 | _a9780077114220 (pbk.) : | ||
| 020 | _a0077114221 (pbk.) : | ||
| 082 |
_222 _a658.812 _bHAR |
||
| 100 | 1 |
_aHarwood, Tracy. _912910 |
|
| 245 |
_aRelationship Marketing : _bPerspectives, Dimensions and Contexts / _cTracy Harwood, Tony Garry and Anne Broderick. |
||
| 260 |
_aLondon : _bMcGraw-Hill Education, _cc2008. |
||
| 300 |
_axxii, 242 p. : _bill. ; _c24 cm. |
||
| 504 | _aIncludes bibliographical references and index. | ||
| 650 | 0 |
_aRelationship marketing. _912911 |
|
| 700 | 1 |
_aBroderick, Anne _q(Anne J.) _912912 |
|
| 700 | 1 |
_aGarry, Tony. _912913 |
|
| 942 |
_2ddc _cBB |
||
| 999 |
_c13736 _d13736 |
||